000 00396nam a22001217a 4500
020 _a9788123917740
020 _a8123917740
050 0 0 _aSF84.45
_b.I4 2010
245 0 0 _aEntrepreneurship in livestock and agriculture /
_cedited by M.C. Sharma, Rupasi Tiwari and J.P. Sharma.
260 _aNew Delhi :
_bCBS Publishers,
_cc2010.
650 0 _bLivestock
_xIndia.
_xHandbooks, manuals, etc.
942 _cGEN
999 _c1002
_d1002